书目信息 |
| 题名: |
基本建设会计
|
|
| 作者: | 武玉荣 编著 | |
| 分册: | ||
| 出版信息: | 北京 北京经济学院出版社 1989.5 |
|
| 页数: | 440页 | |
| 开本: | 20厘米 | |
| 丛书名: | ||
| 单 册: | ||
| 中图分类: | F407.967.2 , F407.9 | |
| 科图分类: | ||
| 主题词: | 基本建设会计--高等学校--教材 | |
| 电子资源: | ||
| ISBN: | 7-5638-0101-4 | |
| 000 | 00871nam0 2200253 45 | |
| 001 | 0189017842 | |
| 005 | 20060811093811.48 | |
| 010 | @a7-5638-0101-4@dCNY5.50 | |
| 020 | @aCN@b89017842 | |
| 100 | @a19910513d1989 k y0chiy0120 ea | |
| 101 | 0 | @achi |
| 102 | @aCN@b110000 | |
| 105 | @ay z 000yy | |
| 200 | 10 | @a基本建设会计@Aji ben jian she kuai ji@f武玉荣编著@Fwu yu rong bian zhu |
| 210 | @a北京@c北京经济学院出版社@d1989.5 | |
| 215 | @a440页@d20厘米 | |
| 330 | @a本书较为详细地介绍了外资借款和中国银行外汇贷款的取得和归还,以及进口设备材料实际成本计算和不同外汇来源下进口器材的手续、采购与入库的核算等。 | |
| 540 | 1 | @a基本建设 会计@Aji ben jian she kuai ji |
| 606 | @a基本建设会计@x高等学校@x教材 | |
| 690 | @aF407.967.2@v1980 | |
| 690 | @aF407.9@v3 | |
| 701 | 0 | @a武玉荣@Awu yu rong@4编著 |
| 801 | 0 | @aCN@bTSSF@c20060811 |
| 905 | @a10447@dF407.9@e176 | |
| 基本建设会计/武玉荣编著.-北京:北京经济学院出版社,1989.5 |
| 440页;20厘米 |
| ISBN 7-5638-0101-4:CNY5.50 |
| 本书较为详细地介绍了外资借款和中国银行外汇贷款的取得和归还,以及进口设备材料实际成本计算和不同外汇来源下进口器材的手续、采购与入库的核算等。 |
| ● |
| 相关链接 |
|
|
|
|
正题名:基本建设会计
索取号:F407.9/176
 
预约/预借
| 序号 | 登录号 | 条形码 | 馆藏地/架位号 | 状态 | 备注 |
| 1 | 0448649 | 204486494 | 密集书库/ [索取号:F407.9/176] | 在馆 |